000 00954cab a2200277 4500
001 ABS52799
008 090401t1995 xxu||||| |||| 00| 0 eng d
035 _a(Sirsi) u259
041 _aeng
100 _aRose, M.
245 _aVillages access the information highway
260 _c1995
350 _a0
490 _aSurveyor
_v182(5334) 6 April 1995, 14-15(2)
520 _aDescribes the SCRIPT (System for Community and Rural Integrated Public Access Telematics) bid for EU POLIS funding. Leader of the European partnership West Sussex CC, wants to exploit transport telematics to improve rural transport links as part of a drive to preserve the viability of rural communities.
650 _aEU FUNDING
650 _aPOLIS
650 _aRURAL AREAS
650 _aRURAL ECONOMY
650 _aSCRIPT
650 _aTELEMATICS
650 _aTRANSPORT ISSUES
690 _aTRANSPORT AND COMMUNICATIONS
942 _n0
948 _c04/03/1997
999 _c100
_d100